00992cam a2200289Ma 4500001001300000003000900013005001700022008004100039020001500080020001800095035002100113040004400134041000800178100003200186245012700218260007200345300001800417490005400435546002300489650001700512650002300529650003200552650002600584650001800610650004700628700002700675ocn807650132Co-BoUCM20180829115126.0180829m19962012fr a b 000 0 fre d a2713212154 a9782713212154 a(OCoLC)807650132 aCo-BoUCMbspacSaul NiñodSaul Niño0 afre1 aHughes, Everett Cherrington13aLe Regard sociologiquebessais choisiscEverett C. Hughes ; textes rassemblés et présentés par Jean-Michel Chapoulie aParísbEcole des hautes études en sciences socialesc1996c2012 a344 páginas0 aRecherches d'histoire et de sciences socialesv70 aTexto en francés 7aEtnología  7aCiencias sociales  7aTrabajo xAspectos sociales 7aEstructuras sociales  7aSociología  7aSociología vEnsayos, conferencias, etc.1 aChapoulie, Jean-Michel